Famous Companies By Logo #1 - Statistics

General Stats
  • This quiz has been taken 425 times
  • The average score is 12 of 12
Answer Stats
Picture Answer % Correct
Apple
99%
Facebook
99%
MacDonalds
99%
Netflix
99%
Microsoft
98%
Twitter
98%
Disney
97%
Nike
97%
Toyota
97%
Spotify
95%
Tesla
95%
Volkswagen
95%
No matching quizzes found
Score Distribution
Percent of People with Each Score
Percentile by Number Answered
Your Score History
You have not taken this quiz